معجزات الرسول صلى الله عليه وسلم / (رقم التسجيلة. 93754)
[ عرض عادي ]
| 000 -الفاتح | |
|---|---|
| عناصر البيانات ثابتة الطول | 00760cam a2200181 i 4500 |
| 005 - تاريخ ووقت آخر معاملة | |
| حقل ضبط | 20260105110221.0 |
| 008 - عناصر البيانات ثابتة الطول | |
| عناصر البيانات ثابتة الطول | 250721q9999 le gr 000 0 ara d |
| 082 14 - رقم تصنيف ديوي العشري | |
| رقم التصنيف | 219 |
| رقم المادة | ش ع ر |
| 100 1# - مدخل رئيسي – اسم شخصي | |
| الاسم الشخصي | الشعراوي، محمد متولي |
| علاقة الشخص بالعمل/ دوره | مؤلف. |
| 245 10 - بيان العنوان | |
| العنوان | معجزات الرسول صلى الله عليه وسلم / |
| بيان المسؤولية | للداعية الشيخ محمد متولي الشعراوي ؛ أشرف عليه واعتنى به أحمد الزعبي. |
| 264 31 - بيانات النشر، التوزيع…إلخ | |
| مكان النشر، التوزيع...إلخ | بيروت : |
| اسم الناشر، الموزع...إلخ | دار القلم للنشر والتوزيع، |
| تاريخ النشر، التوزيع...إلخ | [بين 1995 و 2000]. |
| 300 ## - الوصف المادي | |
| عدد الوحدات المكونة للوعاء | 120 صفحة. |
| 650 17 - مدخل إضافي بالموضوع - مصطلح موضوعي | |
| مصطلح موضوعي أو اسم جغرافي كعنصر مدخل | السيرة النبوية. |
| 650 17 - مدخل إضافي بالموضوع - مصطلح موضوعي | |
| مصطلح موضوعي أو اسم جغرافي كعنصر مدخل | المعجزات. |
| 700 1# - مدخل إضافي - اسم شخصي | |
| الاسم الشخصي | الزعبي، أحمد |
| علاقة الشخص بالعمل/ دوره | محقق. |
| 942 ## - بيانات إضافية (كوها) | |
| نوع التنصيف | Dewey Decimal Classification |
| نوع المادة (كوها) | كتب |
| حالة السحب | حالة الفقدان | مصدر التصنيف | حالة التلف | غير قابل للإعارة | المكتبة الرئيسية | المكتبة الحالية | موقع الرف | تاريخ التزويد | الرقم المتسلسل | Total Checkouts | رقم الإستدعاء | الباركود | تاريخ آخر ظهور | تاريخ الفاتورة | نوع المادة (كوها) | العملة |
|---|---|---|---|---|---|---|---|---|---|---|---|---|---|---|---|---|
| Dewey Decimal Classification | المكتبة المركزية | المكتبة المركزية | 05/01/2026 | 770177 | 219 ش ع ر | PLD770177 | 05/01/2026 | 05/01/2026 | كتب | JOD | ||||||
| Dewey Decimal Classification | مكتبة الأميرة ايمان العامة | مكتبة الأميرة ايمان العامة | الإعارة | 28/07/2025 | 770181 | 219/شعر | 770181 | 28/07/2025 | 28/07/2025 | كتب | ||||||
| Dewey Decimal Classification | مكتبة الأميرة ايمان العامة | مكتبة الأميرة ايمان العامة | الإعارة | 28/07/2025 | 770349 | 219/شعر | 770349 | 28/07/2025 | 28/07/2025 | كتب | ||||||
| Dewey Decimal Classification | مكتبة الاميرة بديعة | مكتبة الاميرة بديعة | الإعارة | 28/07/2025 | 770184 | 219/شعر | 770184 | 28/07/2025 | 28/07/2025 | كتب | ||||||
| Dewey Decimal Classification | مكتبة الراية الهاشمية للأطفال | مكتبة الراية الهاشمية للأطفال | 17/09/2015 | 1467009 | 219/شعر | PLD00348217 | 28/07/2025 | 17/09/2015 | كتب | |||||||
| Dewey Decimal Classification | مكتبة صويلح العامة | مكتبة صويلح العامة | الإعارة | 28/07/2025 | 770182 | 219/شعر | 770182 | 28/07/2025 | 28/07/2025 | كتب |